[Event "Titled Tuesday intern op 03rd Jan Late"]
[Site "Chess.com INT"]
[Date "2025.06.03"]
[Round "8"]
[White "Akhayan, Ruben"]
[Black "Loya Ibarra, Rigoberto"]
[Result "1-0"]
[WhiteElo "2265"]
[BlackElo "2069"]
[PlyCount "41"]
[EventDate "2025.06.03"]
[EventType "swiss (blitz)"]
[EventRounds "11"]
[EventCountry "USA"]
[SourceTitle "CB24_2025"]
[SourceDate "2025.06.11"]
[SourceVersion "1"]
[SourceVersionDate "2025.06.11"]
[SourceQuality "1"]

1. Nf3 c5 2. c3 Nc6 3. d4 cxd4 4. cxd4 d5 5. Nc3 Bg4 6. Ne5 Bc8 7. e4 Nxe5 8. dxe5 dxe4 9. Qxd8+ Kxd8 10. Nxe4 f5 11. Ng5 Nh6 12. Bf4 e6 13. 0-0-0+ Ke8 14. Bb5+ Ke7 15. Be3 b6 16. Bc6 Rb8 17. Rd2 Nf7 18. Nxf7 Kxf7 19. Rd8 g6 20. Be8+ Ke7 21. Bg5# 1-0

[Event "Titled Tuesday intern op 03rd Jan Late"]
[Site "Chess.com INT"]
[Date "2025.06.03"]
[Round "4"]
[White "Fadi, Marko"]
[Black "Loya Ibarra, Rigoberto"]
[Result "1-0"]
[WhiteElo "2244"]
[BlackElo "2069"]
[PlyCount "99"]
[EventDate "2025.06.03"]
[EventType "swiss (blitz)"]
[EventRounds "11"]
[EventCountry "USA"]
[SourceTitle "CB24_2025"]
[SourceDate "2025.06.11"]
[SourceVersion "1"]
[SourceVersionDate "2025.06.11"]
[SourceQuality "1"]

1. d3 d5 2. Nd2 e5 3. e3 Nf6 4. g3 Bc5 5. Bg2 0-0 6. Ne2 Bg4 7. h3 Bxe2 8. Qxe2 Re8 9. b3 e4 10. dxe4 Nxe4 11. Nxe4 dxe4 12. Bb2 Bb4+ 13. c3 Ba5 14. 0-0 Nc6 15. Rad1 Qe7 16. c4 Bb4 17. Rd5 Ba3 18. Ba1 Rad8 19. Rxd8 Rxd8 20. Qg4 g6 21. Bxe4 Ne5 22. Qf4 Bd6 23. c5 Bxc5 24. Qxe5 Qxe5 25. Bxe5 Re8 26. f4 f6 27. Bd5+ Kg7 28. Bd4 Bxd4 29. exd4 Rd8 30. Bxb7 Rxd4 31. Rf2 Rb4 32. Ba6 Rb6 33. Bc4 Rd6 34. a4 c5 35. Kg2 Rd1 36. Re2 Kh6 37. h4 a5 38. Re7 Rd2+ 39. Kh3 Rd8 40. Rc7 f5 41. Rxc5 Ra8 42. Bb5 Rb8 43. Bc4 Ra8 44. Rc6 Ra7 45. Ra6 Rg7 46. Rxa5 g5 47. fxg5+ Kh5 48. Ra6 Rxg5 49. hxg5 Kxg5 50. Rb6 1-0

[Event "Titled Tuesday intern op 03rd Jan Late"]
[Site "Chess.com INT"]
[Date "2025.06.03"]
[Round "6"]
[White "Harriott, Tyrell"]
[Black "Loya Ibarra, Rigoberto"]
[Result "0-1"]
[WhiteElo "1924"]
[BlackElo "2069"]
[PlyCount "148"]
[EventDate "2025.06.03"]
[EventType "swiss (blitz)"]
[EventRounds "11"]
[EventCountry "USA"]
[SourceTitle "CB24_2025"]
[SourceDate "2025.06.11"]
[SourceVersion "1"]
[SourceVersionDate "2025.06.11"]
[SourceQuality "1"]

1. d4 Nf6 2. e3 d5 3. Bd3 Nbd7 4. f4 Ne4 5. Nf3 c5 6. c3 c4 7. Bc2 Qb6 8. 0-0 h5 9. Nbd2 Ndf6 10. Ne5 Bg4 11. Nxg4 hxg4 12. Bxe4 g3 13. h3 Nxe4 14. Nxe4 dxe4 15. Qg4 Qg6 16. Qxg6 fxg6 17. b3 Rc8 18. Bb2 e6 19. Rad1 Rh5 20. b4 a5 21. a3 a4 22. Bc1 Kf7 23. Bd2 Be7 24. Be1 Bh4 25. Bd2 Rf5 26. Be1 b5 27. Bd2 Rf8 28. Bc1 Kg8 29. Rd2 g5 30. Rdd1 Kh7 31. fxg5 Bxg5 32. Rxf5 Rxf5 33. Rf1 Kg6 34. Rxf5 Kxf5 35. Kf1 Be7 36. Ke2 Bf6 37. Bd2 Be7 38. Be1 Bd6 39. Kf1 g5 40. Kg1 g4 41. hxg4+ Kxg4 42. Kf1 e5 43. Ke2 exd4 44. exd4 Kf4 45. Bd2+ Kf5 46. Be3 Bf4 47. Bxf4 Kxf4 48. Ke1 Kg5 49. Ke2 Kf4 50. Kd2 e3+ 51. Ke2 Ke4 52. d5 Kxd5 53. Kxe3 Ke5 54. Kf3 Kd5 55. Kxg3 Ke4 56. Kf2 Kd3 57. g4 Kxc3 58. g5 Kb3 59. g6 c3 60. g7 c2 61. g8Q+ Kb2 62. Qg7+ Kb1 63. Qg6 Ka1 64. Qf6+ Kb1 65. Qg6 Ka1 66. Qe6 c1Q 67. Qe5+ Qb2+ 68. Qxb2+ Kxb2 69. Ke2 Kxa3 70. Kd2 Kxb4 71. Kc2 a3 72. Kb1 Kc3 73. Ka2 b4 74. Ka1 Kc2 0-1